000 00601nam a2200217Ia 4500
005 20250508150605.0
008 008 250505s9999 xx 000 0 eng d
037 _aTextual
040 _aFEDL
_beng
_cFEDL
041 _aeng
_2eng
084 _a150.9, DEN
_qFEDL
100 _aDennis Wayne Ed.
_910610
245 0 _aReadings in the history of psychology
260 _aNew York, USA
_bAppleton-Century-Crofts
_c1948
300 _axi,587p.
365 _aINR
_b13
490 _aCentury psychology
650 _aPsychology
942 _cTEXL
_h150.9, DEN
999 _c1324442
_d1324442